[Event "AUTO-ADV-4744"]
[Site "http://www.queenalice.com/game.php?id=1824803"]
[Date "2023.11.7"]
[Round "1"]
[White "Carlos19"]
[Black "Boeing"]
[Result "0-1"]
[WhiteElo "1538"]
[BlackElo "1943"]

1. e4 e5 2. Nf3 d6 3. Bc4 Nc6 4. c3 Bg4 5. h3 Bxf3 6. Qxf3 Nf6 7. O-O Be7 8. b4
O-O 9. b5 Na5 10. Be2 d5 11. Bd3 c6 12. exd5 e4 13. Bxe4 cxd5 14. Bf5 Nc4 15. a4
Ne4 16. Bxe4 dxe4 17. Qxe4 Rc8 18. Qxb7 Bc5 19. d4 Rc7 20. Qf3 Bb6 21. Bf4 Re7
22. Na3 Nxa3 23. Rxa3 Rfe8 24. Qd3 Re4 25. Be3 Bc5 26. Rb3 Bb6 27. Re1 f5 28. f3
Rh4 29. Qxf5 Rf8 30. Qe6+ Kh8 31. d5 Rf6 32. Qe5 Bc7 33. Qd4 Rxd4 34. Bxd4 Rf7
35. Bxa7 Bg3 36. Rd1 Rxa7 37. Rb4 Qb6+ 38. Rdd4 Qh6 39. Rd1 Qe3+ 40. Kh1 Qxc3
41. Rg4 Qe5 42. Re4 Qb8 43. Rd3 h6 44. Rg4 Re7 45. Rd1 h5 46. Re4 Ra7 47. d6
Bxd6 48. Rxd6 Qxd6 49. Re8+ Kh7 50. Re4 Qg3 51. f4 Rd7 0-1

[Event "AUTO-ADV-4744"]
[Site "http://www.queenalice.com/game.php?id=1824804"]
[Date "2023.11.7"]
[Round "1"]
[White "Boeing"]
[Black "SGF"]
[Result "1-0"]
[WhiteElo "1935"]
[BlackElo "1600"]

1. e4 e5 2. Nf3 Qf6 3. Nc3 c6 4. d4 d6 5. h3 Be7 6. Bg5 Qg6 7. Bxe7 Nxe7 8. Nh4
Qg5 9. Nf3 Qf6 10. d5 a6 11. dxc6 bxc6 12. Na4 O-O 13. Nb6 Ra7 14. g4 Qf4 15.
Nxc8 Qxe4+ 16. Be2 Nxc8 17. O-O g6 18. Ng5 Qd5 19. Bd3 e4 20. Nxe4 f5 21. Bc4
Qxc4 22. Nxd6 Nxd6 23. Qxd6 fxg4 24. h4 Rd7 25. Qe5 Qxc2 26. Rac1 Qd3 27. Rc3
Qh3 28. Rxh3 gxh3 29. h5 Rd5 30. Qe6+ Rf7 31. hxg6 hxg6 32. Kh2 Kg7 33. Rg1
Rxf2+ 34. Kxh3 Rh5+ 35. Kg3 Rxb2 36. Qe7+ Kh6 37. Qf8+ Kh7 38. Kg4 Rxa2 39. Qf7+
Kh6 40. Qxa2 Rg5+ 41. Kf4 Rxg1 42. Qh2+ Kg7 43. Qxg1 a5 44. Qa7+ Kh6 45. Qxb8
g5+ 46. Kf5 Kg7 47. Kxg5 Kf7 48. Qc7+ Ke6 49. Qxc6+ Ke5 50. Qc5+ Ke4 51. Qxa5
Kd3 52. Kf4 Ke2 53. Qc3 Kf2 54. Qd2+ Kf1 55. Kg3 Kg1 56. Qe1# 1-0

[Event "AUTO-ADV-4744"]
[Site "http://www.queenalice.com/game.php?id=1824805"]
[Date "2023.11.7"]
[Round "1"]
[White "SGF"]
[Black "Boeing"]
[Result "0-1"]
[WhiteElo "1663"]
[BlackElo "1938"]

1. e4 e5 2. Qf3 Nc6 3. c3 a6 4. d3 h6 5. Be2 d6 6. Qg3 Nf6 7. h4 g6 8. h5 g5 9.
b4 Rg8 10. a4 d5 11. exd5 Qxd5 12. Bf3 e4 13. Bxe4 Nxe4 14. dxe4 Qxe4+ 15. Qe3
Qxe3+ 16. Bxe3 Bg7 17. Nf3 Nxb4 18. Nd4 Bxd4 19. O-O Bxe3 20. fxe3 Bg4 21. cxb4
Bxh5 22. Nc3 O-O-O 23. Ne4 Bg6 24. Nf6 Rgf8 25. Ng4 h5 26. Ne5 h4 27. Nxg6 fxg6
28. Rxf8 Rxf8 29. Rd1 c6 30. Rd6 Rg8 31. Kf2 Kc7 32. Rf6 b6 33. Kf3 c5 34. bxc5
bxc5 35. Rxa6 c4 36. Kg4 Rf8 37. Kxg5 c3 38. Ra5 Rf5+ 39. Rxf5 gxf5 40. Kxf5 c2
41. Kg4 c1=Q 42. Kxh4 Qxe3 43. g4 Qh6+ 44. Kg3 Qg5 45. Kf3 Kb6 46. Kg3 Ka5 47.
Kf3 Kxa4 48. Kg3 Kb4 49. Kh3 Kc4 50. Kg3 Kd4 51. Kf3 Ke5 52. Kg3 Ke4 53. Kh3 Kf4
54. Kg2 Kxg4 55. Kf2 Qd2+ 56. Kf1 Kg3 57. Kg1 Qe1# 0-1

[Event "AUTO-ADV-4754"]
[Site "http://www.queenalice.com/game.php?id=1827755"]
[Date "2023.12.21"]
[Round "1"]
[White "Boeing"]
[Black "Canaye14"]
[Result "0-1"]
[WhiteElo "1990"]
[BlackElo "1763"]

1. e4 e6 2. Nf3 d5 3. Bb5+ Bd7 4. Bxd7+ Nxd7 5. exd5 exd5 6. O-O Ngf6 7. Re1+
Be7 8. d4 c5 9. dxc5 O-O 10. Bg5 Bxc5 11. Bxf6 Nxf6 12. Nc3 Ng4 13. Rf1 Re8 14.
h3 Nf6 15. Na4 Bd6 16. Nd4 a6 17. Re1 Qc7 18. Rxe8+ Rxe8 19. g3 Ne4 20. Nf5 Bxg3
21. fxg3 Nxg3 22. Nxg3 Qxg3+ 23. Kh1 Qxh3+ 24. Kg1 Re4 25. Qf1 Rg4+ 26. Kf2 Rf4+
27. Ke2 Rxf1 28. Rxf1 Qg4+ 29. Ke1 Qxa4 30. b3 Qxa2 31. Kd2 b5 32. Rf5 d4 33.
Rd5 h6 34. Rxd4 Qa5+ 35. c3 g5 36. b4 Qa2+ 37. Kd3 h5 38. Rd8+ Kg7 39. Rc8 h4
40. Kd4 h3 0-1

[Event "AUTO-ADV-4754"]
[Site "http://www.queenalice.com/game.php?id=1827756"]
[Date "2023.12.21"]
[Round "1"]
[White "Canaye14"]
[Black "Boeing"]
[Result "1-0"]
[WhiteElo "1778"]
[BlackElo "1965"]

1. d4 d5 2. c4 dxc4 3. e4 b5 4. Qf3 Bb7 5. a4 Qxd4 6. axb5 Bxe4 7. Ne2 Qe5 8.
Qc3 Qxb5 9. Nd2 e6 10. Qxc4 Qxc4 11. Nxc4 Nc6 12. Nc3 Bb4 13. Be2 Bxg2 14. Rg1
Bxc3+ 15. bxc3 Be4 16. Rxg7 Rd8 17. Ba3 Bd5 18. Ne3 Bb3 19. Bb5 Ne7 20. Rb1 a6
21. Bxc6+ Nxc6 22. Rxb3 Ne5 23. Ng4 Nd3+ 24. Ke2 c5 25. Rb7 Nf4+ 26. Kf3 Nd5 27.
Bxc5 Rd7 28. Rb8+ Rd8 29. Rb7 Rd7 30. Rxd7 Kxd7 31. Rxf7+ Kc6 32. Bd4 Rb8 33.
Ne5+ Kb5 34. c4+ Ka4 35. cxd5 exd5 36. Rxh7 Rb3+ 37. Kf4 Rb4 38. Ke3 Rb3+ 39.
Nd3 Rb5 40. Ra7 a5 41. h4 Rb1 42. h5 Rh1 43. Nf4 Kb5 44. Rb7+ Kc6 45. Rb6+ Kd7
46. h6 a4 47. h7 Kc7 48. Nxd5+ Kd7 49. h8=Q Rxh8 50. Bxh8 a3 51. Ke4 a2 52. f4
Ke8 53. Kf5 Kf8 54. Rb7 Kg8 55. Ba1 Kf8 56. Ke6 Kg8 57. Kf6 1-0

[Event "AUTO-ADV-4754"]
[Site "http://www.queenalice.com/game.php?id=1827757"]
[Date "2023.12.21"]
[Round "1"]
[White "Boeing"]
[Black "biano"]
[Result "0-1"]
[WhiteElo "1935"]
[BlackElo "1964"]

1. e4 c5 2. Bc4 e6 3. Nf3 d6 4. Bb5+ Nc6 5. Bxc6+ bxc6 6. O-O Ne7 7. e5 d5 8. d4
cxd4 9. Qxd4 Ng6 10. Bg5 Be7 11. Bxe7 Qxe7 12. Nc3 O-O 13. b4 Ba6 14. Rfe1 Bb5
15. a4 Bc4 16. b5 cxb5 17. axb5 Rfb8 18. Reb1 Rb6 19. Na4 Rxb5 20. Rxb5 Bxb5 21.
Nb6 Rb8 22. Na4 Bxa4 23. Qxa4 Qb4 24. Qxb4 Rxb4 25. g3 Rb7 26. Ra6 Rc7 27. h4 h5
28. c3 Kh7 29. Kf1 Rxc3 30. Ng5+ Kg8 31. Rxa7 Rc8 32. Rxf7 Nxe5 33. Re7 Rf8 34.
f4 Rf6 35. Ke2 Nc6 36. Rc7 Nd4+ 37. Kd3 Nf5 38. Rc8+ Rf8 39. Rxf8+ Kxf8 40.
Nxe6+ Kf7 41. Nc7 Nxg3 42. Nxd5 Nf5 43. Ke4 Nxh4 44. Ke5 Ng6+ 45. Kf5 Ne7+ 46.
Nxe7 Kxe7 47. Kg5 Ke6 48. Kxh5 Kf5 49. Kh4 Kxf4 50. Kh5 g5 0-1

[Event "AUTO-ADV-4754"]
[Site "http://www.queenalice.com/game.php?id=1827758"]
[Date "2023.12.21"]
[Round "1"]
[White "biano"]
[Black "Boeing"]
[Result "1-0"]
[WhiteElo "1845"]
[BlackElo "1948"]

1. d4 d5 2. c4 dxc4 3. Nf3 b5 4. e3 Bb7 5. Be2 Nf6 6. a4 Ba6 7. axb5 Bxb5 8. b3
Qd5 9. Nc3 Qb7 10. bxc4 Bd7 11. O-O e6 12. Ne5 Bd6 13. Bf3 Bc6 14. Nxc6 Nxc6 15.
Qa4 Kd7 16. d5 exd5 17. cxd5 Qb4 18. dxc6+ Ke6 19. Qxb4 Bxb4 20. Nb5 Bd6 21.
Nxd6 cxd6 22. Bb2 Rhc8 23. Bxf6 gxf6 24. Rfb1 d5 25. e4 d4 26. Bg4+ Kd6 27. Bxc8
Rxc8 28. Ra6 Ke5 29. Rb7 Kxe4 30. c7 d3 31. Kf1 d2 32. Ke2 Re8 33. Kxd2 1-0

[Event "AUTO-ADV-4754"]
[Site "http://www.queenalice.com/game.php?id=1827759"]
[Date "2023.12.21"]
[Round "1"]
[White "Boeing"]
[Black "Daniel1962"]
[Result "1-0"]
[WhiteElo "1984"]
[BlackElo "1735"]

1. e4 c5 2. Bc4 e6 3. Nf3 Nf6 4. e5 Ne4 5. d3 Nxf2 6. Kxf2 Nc6 7. Re1 d5 8. exd6
Bxd6 9. Bg5 Be7 10. Bxe7 Qxe7 11. Nc3 Qf6 12. Ne4 Qxb2 13. Rb1 Qa3 14. Nd6+ Ke7
15. Nxc8+ Rhxc8 16. Rxb7+ Kf8 17. Ne5 Nxe5 18. Rxe5 Qb2 19. Rxb2 g5 20. Rxg5 a5
21. Qh5 1-0

[Event "AUTO-ADV-4754"]
[Site "http://www.queenalice.com/game.php?id=1827760"]
[Date "2023.12.21"]
[Round "1"]
[White "Daniel1962"]
[Black "Boeing"]
[Result "0-1"]
[WhiteElo "1695"]
[BlackElo "1942"]

1. d4 d5 2. Bf4 Nf6 3. Nf3 Ne4 4. Be3 e6 5. Ne5 Bd6 6. Qd3 Bxe5 7. dxe5 b6 8. c4
Ba6 9. b3 O-O 10. f3 Qh4+ 11. g3 Nxg3 12. Bf2 dxc4 13. bxc4 Bxc4 14. Qe3 Nf5 15.
Bxh4 Nxe3 16. Na3 b5 17. Be7 Re8 18. Bc5 Nd5 19. Nc2 Nc6 20. Nd4 Nxd4 21. Bxd4
Nb4 22. Kd2 Red8 23. e3 c5 24. Kc3 Nd5+ 25. Kb2 cxd4 26. Bxc4 bxc4 27. exd4 c3+
28. Kc2 Rab8 29. Rhb1 Rxb1 30. Rxb1 Rc8 31. a4 a5 32. h4 Nb4+ 33. Kb3 c2 34. Rc1
f6 35. exf6 gxf6 36. f4 h5 0-1

[Event "AUTO-ADV-4744"]
[Site "http://www.queenalice.com/game.php?id=1828821"]
[Date "2024.1.9"]
[Round "2"]
[White "WHUSIRO"]
[Black "Boeing"]
[Result "0-1"]
[WhiteElo "2013"]
[BlackElo "1947"]

1. e4 e5 2. Nf3 d6 3. h3 Nf6 4. Bc4 Nc6 5. Nc3 a6 6. d3 h6 7. Be3 Be7 8. a3 O-O
9. Nd5 Nxd5 10. Bxd5 a5 11. c3 Ra6 12. Bc4 Ra8 13. O-O Be6 14. Bd5 Bxd5 15. exd5
Nb8 16. Qb3 b6 17. Qd1 c5 18. c4 f5 19. Nh2 f4 20. Bd2 Bg5 21. Nf3 Nd7 22. Nh2
Nf6 23. Ng4 e4 24. Nxf6+ Qxf6 25. Bc3 Qf5 26. dxe4 Qxe4 27. b3 f3 28. Re1 Qf5
29. g4 Qd7 30. Re6 a4 31. b4 b5 32. Qd3 bxc4 33. Qxc4 Rf4 34. Qe2 fxe2 35. Re1
Rf3 0-1

[Event "AUTO-ADV-4744"]
[Site "http://www.queenalice.com/game.php?id=1828822"]
[Date "2024.1.9"]
[Round "2"]
[White "Boeing"]
[Black "WHUSIRO"]
[Result "1-0"]
[WhiteElo "1966"]
[BlackElo "1991"]

1. e4 c5 2. Bc4 d6 3. Qf3 Nf6 4. h3 e6 5. Nc3 Be7 6. Nge2 O-O 7. O-O Nc6 8. Bb5
a6 9. Bxc6 bxc6 10. e5 Nd5 11. Nxd5 cxd5 12. exd6 Qxd6 13. c4 Bb7 14. Nf4 Rab8
15. cxd5 Bxd5 16. Qg3 Be4 17. d3 Bg6 18. Rd1 e5 19. Ne2 Bf6 20. Rb1 Rfd8 21. b3
e4 22. Bf4 Qb6 23. Bxb8 Rxb8 24. dxe4 Re8 25. Rd6 Qc7 26. Rxa6 Be5 27. f4 Bd4+
28. Kh1 Qb7 29. Ra4 Bxe4 30. Re1 Bf6 31. h4 Bc6 32. Rc4 Bb5 33. Rc2 Qa6 34. Nc3
Rd8 35. Ne4 Bd3 36. Nxf6+ Qxf6 37. Rxc5 1-0

[Event "AUTO-ADV-4744"]
[Site "http://www.queenalice.com/game.php?id=1831417"]
[Date "2024.2.13"]
[Round "3"]
[White "Fredo"]
[Black "Boeing"]
[Result "1-0"]
[WhiteElo "2155"]
[BlackElo "1964"]

1. e4 e5 2. Nf3 d6 3. d4 exd4 4. Nxd4 c5 5. Nf5 Bxf5 6. exf5 a6 7. Bc4 Nf6 8.
Bg5 Be7 9. Bxf6 Bxf6 10. Nc3 O-O 11. Nd5 Re8+ 12. Be2 Bxb2 13. Rb1 Bd4 14. Rxb7
Qa5+ 15. Kf1 Qxa2 16. Nc7 Re7 17. Bf3 Qa5 18. Qb1 h6 19. g3 Nd7 20. Nxa8 Bc3 21.
Kg2 Bd4 22. Nb6 Qd2 23. Rf1 Qg5 24. Rxd7 Rxd7 25. Nxd7 Qxf5 26. Qb8+ Kh7 27.
Nf8+ Kh8 28. Qe8 Be5 29. Re1 g6 30. Nxg6+ Kg7 31. Nxe5 dxe5 32. Rxe5 Qf6 33. Re4
Kh7 34. Rf4 1-0

[Event "AUTO-ADV-4744"]
[Site "http://www.queenalice.com/game.php?id=1831418"]
[Date "2024.2.13"]
[Round "3"]
[White "Boeing"]
[Black "Fredo"]
[Result "0-1"]
[WhiteElo "1956"]
[BlackElo "2159"]

1. e4 c5 2. c4 Nc6 3. Bd3 e5 4. Nf3 d6 5. h3 Nf6 6. O-O Be7 7. Nc3 O-O 8. Nd5
Nb4 9. Nxb4 cxb4 10. a3 bxa3 11. Rxa3 d5 12. Ra2 dxe4 13. Nxe5 exd3 14. Qf3 a6
15. Nxd3 Qc7 16. b3 Bd7 17. Re1 Bd6 18. g3 Bxh3 19. Ba3 Bxa3 20. Rxa3 Rad8 21.
Nf4 Bg4 22. Qc3 Rfe8 23. Rxe8+ Rxe8 24. Nd5 Nxd5 25. cxd5 Re1+ 26. Kg2 Qe7 27.
Ra4 h5 28. d6 Qd7 29. d3 Re6 30. Rd4 Rxd6 31. Rxd6 Qxd6 32. d4 Qd5+ 33. Kh2 Qf3
34. Qe1 h4 35. gxh4 Qh3+ 36. Kg1 Bf3 0-1

[Event "AUTO-OPEN-4527"]
[Site "http://www.queenalice.com/game.php?id=1836708"]
[Date "2024.5.12"]
[Round "1"]
[White "josebaron"]
[Black "Boeing"]
[Result "1-0"]
[WhiteElo "2221"]
[BlackElo "1928"]

1. e4 e5 2. Nf3 d6 3. d4 exd4 4. Nxd4 Nc6 5. Bb5 Bd7 6. Nxc6 bxc6 7. Bd3 d5 8.
c4 dxc4 9. Bxc4 Qf6 10. O-O Qg6 11. Qf3 O-O-O 12. Ba6+ 1-0

[Event "AUTO-OPEN-4527"]
[Site "http://www.queenalice.com/game.php?id=1836709"]
[Date "2024.5.12"]
[Round "1"]
[White "Boeing"]
[Black "josebaron"]
[Result "1/2-1/2"]
[WhiteElo "1924"]
[BlackElo "2206"]

1. e4 e5 2. Nf3 Nc6 3. Bb5 d6 4. Bxc6+ bxc6 5. O-O Nf6 6. d3 Be7 7. Bg5 O-O 8.
Bxf6 Bxf6 9. Nc3 Bg4 10. h3 Bh5 11. g4 Bg6 12. Kg2 Re8 1/2-1/2

[Event "AUTO-OPEN-4527"]
[Site "http://www.queenalice.com/game.php?id=1836732"]
[Date "2024.5.12"]
[Round "1"]
[White "ThiagoBrumN"]
[Black "Boeing"]
[Result "0-1"]
[WhiteElo "1835"]
[BlackElo "1920"]

1. e4 e5 2. Nf3 d6 3. Bc4 Nf6 4. O-O Nc6 5. Bb5 Bd7 6. d4 a6 7. Bc4 b5 8. Bb3
exd4 9. Ng5 Ne5 10. f4 Nc4 11. Re1 Bg4 12. Qxd4 c5 13. Qd3 Be7 14. Nc3 O-O 15.
Qg3 h6 16. Nh3 Qd7 17. Nf2 h5 18. e5 Nh7 19. Nxg4 hxg4 20. exd6 Bxd6 21. Ne4 f5
22. Be3 fxe4 23. Rad1 Rac8 24. Kh1 a5 25. c3 a4 26. Bc2 Nxe3 27. Rxe3 Bxf4 28.
Rxd7 Bxg3 29. Rxg3 Rf1# 0-1

[Event "AUTO-OPEN-4527"]
[Site "http://www.queenalice.com/game.php?id=1836733"]
[Date "2024.5.12"]
[Round "1"]
[White "Boeing"]
[Black "ThiagoBrumN"]
[Result "1-0"]
[WhiteElo "1945"]
[BlackElo "1745"]

1. e4 e5 2. Qh5 Nc6 3. Nc3 Nf6 4. Qh4 Be7 5. Qg3 O-O 6. Nd5 d6 7. h3 Be6 8. c3
Nh5 9. Qf3 Nf4 10. Nxf4 exf4 11. Qxf4 Bg5 12. Qg3 f5 13. h4 Bh6 14. d4 Bxc1 15.
Rxc1 Rf6 16. h5 h6 17. d5 Bxd5 18. exd5 Ne5 19. Nf3 Qe7 20. Nd4 f4 21. Qh3 Nf3+
22. Kd1 Qe1+ 23. Kc2 Nxd4+ 24. cxd4 Qxf2+ 25. Kb1 Qxd4 26. Qd7 Qe4+ 27. Ka1 Rf7
28. Qb5 Rb8 29. Bd3 Qd4 30. Rhd1 Qf6 31. Bg6 Re7 32. Re1 a6 33. Qa4 Ra8 34. Rxe7
Qxe7 35. Qxf4 Rf8 36. Qb4 Rf2 37. Re1 Qg5 38. Qe4 Qd2 39. Qe8+ Rf8 40. Qxf8+
Kxf8 41. Re8# 1-0

[Event "AUTO-OPEN-4527"]
[Site "http://www.queenalice.com/game.php?id=1836746"]
[Date "2024.5.12"]
[Round "1"]
[White "suenteus_po_147"]
[Black "Boeing"]
[Result "0-1"]
[WhiteElo "2117"]
[BlackElo "1933"]

1. e4 e5 2. Nf3 d6 3. d4 exd4 4. Nxd4 Nf6 5. Nc3 c6 6. Be2 c5 7. Bb5+ Bd7 8.
Bxd7+ Nbxd7 9. Nf5 Qc7 10. Bf4 Ne5 11. Nb5 Qa5+ 12. Nc3 Nxe4 13. O-O Nxc3 14.
bxc3 Qxc3 15. Nxd6+ Bxd6 16. Qxd6 f6 17. Rad1 Kf7 18. Qc7+ Kg6 19. Qxb7 Qxc2 20.
Rd2 Qc3 21. Qe4+ Kf7 22. Rfd1 Rhd8 23. Qb7+ Kg6 24. Rxd8 Rxd8 25. Qb1+ Nd3 26.
g3 c4 27. Rc1 Qd4 28. Be3 Qd5 29. Rc3 f5 30. Bxa7 Rd6 31. Be3 Re6 32. a4 h5 33.
h4 Kh7 34. Qb5 Qf3 35. Qxc4 Rxe3 0-1

[Event "AUTO-OPEN-4527"]
[Site "http://www.queenalice.com/game.php?id=1836747"]
[Date "2024.5.12"]
[Round "1"]
[White "Boeing"]
[Black "suenteus_po_147"]
[Result "0-1"]
[WhiteElo "1956"]
[BlackElo "2073"]

1. e4 c5 2. Bc4 e6 3. Nf3 a6 4. O-O Nc6 5. c3 b5 6. Bb3 c4 7. Bc2 Bc5 8. d4 cxd3
9. Bxd3 Qc7 10. g3 Nf6 11. Bf4 d6 12. Bg5 Ng4 13. Nd4 Nge5 14. Nxc6 Qxc6 15. Be3
Bxe3 16. fxe3 Bb7 17. Bc2 Rd8 18. Qh5 O-O 19. Nd2 Qc5 20. Rae1 g6 21. Qh4 b4 22.
Nb3 Qb6 23. cxb4 Qxb4 24. Nd4 a5 25. a3 Qb6 26. Bb3 Ba6 27. Rf6 Nd3 28. Ref1
Nxb2 29. R1f3 Nd3 30. Nxe6 Qxb3 31. Nxf8 Rxf8 32. Rxd6 Qd1+ 33. Rf1 Qe2 34. Rxa6
Qxe3+ 35. Kh1 Nf2+ 36. Kg2 Nxe4 37. Rc6 Qe2+ 38. Kg1 Nd2 39. Rf2 Nf3+ 40. Rxf3
Qxf3 41. Rc4 Re8 42. g4 Qd1+ 43. Kg2 Re2+ 0-1

[Event "AUTO-ADV-4798"]
[Site "http://www.queenalice.com/game.php?id=1840037"]
[Date "2024.7.9"]
[Round "1"]
[White "Capixabba789"]
[Black "Boeing"]
[Result "1-0"]
[WhiteElo "1999"]
[BlackElo "1964"]

1. e4 e5 2. d4 exd4 3. c3 dxc3 4. Bc4 cxb2 5. Bxb2 Qh4 6. Nd2 Bc5 7. Qf3 Nf6 8.
Nh3 d5 9. Bb3 Bg4 10. Qd3 Bxh3 11. Qb5+ Nfd7 12. O-O-O Bxg2 13. Rhg1 Bxe4 14.
Nxe4 dxe4 15. Qxb7 Qh6+ 16. Kb1 Nb6 17. Qxc7 Be7 18. Bxg7 Qh5 19. Bxh8 N8d7 20.
Rg8+ Bf8 21. Bg7 Rc8 22. Qb7 e3 23. Qe4+ Kd8 24. Rxf8+ Kc7 25. Rxc8+ Nxc8 26.
Qxe3 Qf5+ 27. Qd3 Qxd3+ 28. Rxd3 Nc5 29. Rc3 Kd6 30. Bxf7 Ne7 31. Bh5 Nd5 32.
Bf8+ Kd7 33. Rxc5 Nf4 34. Bg4+ Ke8 35. Bh6 Nd3 36. Rc7 Nxf2 37. Bh5+ Kd8 38.
Rxa7 Nd3 39. Rxh7 Ne5 40. h4 Kc8 41. Bf4 Nd3 42. Bg4+ 1-0

[Event "AUTO-ADV-4798"]
[Site "http://www.queenalice.com/game.php?id=1840038"]
[Date "2024.7.9"]
[Round "1"]
[White "Boeing"]
[Black "Capixabba789"]
[Result "1/2-1/2"]
[WhiteElo "1963"]
[BlackElo "1976"]

1. e4 e5 2. Nf3 Nf6 3. Nc3 Be7 4. Nxe5 O-O 5. Bc4 c6 6. d4 d6 7. Nd3 a5 8. O-O
a4 9. Re1 Bg4 10. f3 Bh5 11. e5 dxe5 12. dxe5 Nd5 13. Bxd5 cxd5 14. e6 fxe6 15.
Rxe6 Nc6 16. Nf4 Bf7 17. Ncxd5 Bxe6 18. Nxe6 Qe8 19. Nxf8 Qxf8 20. c4 Ne5 21.
Bf4 Nxc4 22. b3 Bc5+ 23. Kh1 axb3 24. axb3 Rxa1 25. Qxa1 Nb6 26. Nxb6 Bxb6 27.
h4 Qxf4 28. Qa8+ Qf8 29. Qxb7 Bd8 30. g3 h6 31. Kh2 Qd6 32. Kh3 Qc7 33. Qd5+ Kh8
34. b4 Qc8+ 35. g4 Qb8 36. g5 Qc8+ 37. Kg2 Qc2+ 38. Kh3 Qc8+ 39. Kg2 Qc2+ 40.
Kh3 Qc8+ 1/2-1/2

[Event "AUTO-ADV-4798"]
[Site "http://www.queenalice.com/game.php?id=1840053"]
[Date "2024.7.9"]
[Round "1"]
[White "Boeing"]
[Black "peonaislado"]
[Result "1-0"]
[WhiteElo "1953"]
[BlackElo "1795"]

1. e4 c5 2. Bc4 e6 3. Nf3 Nc6 4. c3 Nf6 5. e5 Nd5 6. Bxd5 exd5 7. O-O Be7 8. d4
c4 9. b3 cxb3 10. Qxb3 Qa5 11. Bd2 Qc7 12. Qxd5 O-O 13. Bg5 Bxg5 14. Nxg5 h6 15.
Ne4 Ne7 16. Qb3 b6 17. Nbd2 d6 18. exd6 Qd7 19. dxe7 Qxe7 20. Rfe1 Bb7 21. Ng3
Kh8 22. Rxe7 1-0

[Event "AUTO-ADV-4798"]
[Site "http://www.queenalice.com/game.php?id=1840054"]
[Date "2024.7.9"]
[Round "1"]
[White "peonaislado"]
[Black "Boeing"]
[Result "1-0"]
[WhiteElo "1767"]
[BlackElo "1963"]

1. d4 d5 2. c4 dxc4 3. Nf3 b5 4. e4 Bb7 5. Nc3 a6 6. Be2 b4 7. Na4 c3 8. bxc3
Bxe4 9. O-O bxc3 10. Nxc3 Bb7 11. Bc4 Nf6 12. Rb1 Qc8 13. Re1 e6 14. d5 Bd6 15.
dxe6 fxe6 16. Bxe6 Nbd7 17. Qa4 c6 18. Ne4 Nxe4 19. Qxe4 Be7 20. Ne5 c5 21.
Bxd7+ Qxd7 22. Nxd7 Bxe4 23. Rxe4 Kxd7 24. Ba3 Rac8 25. g3 Kc6 26. Rxe7 c4 27.
Rxg7 c3 28. Rg5 Kd7 29. Rc5 Rxc5 30. Bxc5 Rc8 31. Be3 c2 32. Rc1 Ke6 33. Kf1 Kd5
34. Ke2 Ke4 35. Kd2 Kf3 36. Rxc2 Rd8+ 37. Kc1 h5 38. h4 Kg4 39. Rc5 Rh8 40. Ra5
Ra8 41. Kd2 Rd8+ 42. Ke2 Rd6 43. Rg5+ Kh3 44. Ra5 Kg4 45. Rg5+ Kh3 46. Rxh5 Rc6
47. Rh6 Rc2+ 48. Kf3 Rxa2 49. Rc6 a5 50. Rc1 Kh2 51. h5 Rb2 52. g4 a4 53. Bf4+
1-0

[Event "AUTO-ADV-4798"]
[Site "http://www.queenalice.com/game.php?id=1840055"]
[Date "2024.7.9"]
[Round "1"]
[White "Boeing"]
[Black "Charles56"]
[Result "1-0"]
[WhiteElo "1958"]
[BlackElo "1694"]

1. e4 e5 2. Qh5 d6 3. Bc4 g6 4. Qf3 Be6 5. Bxe6 fxe6 6. Ne2 Bh6 7. O-O Nf6 8. d3
Bxc1 9. Rxc1 Nc6 10. Nbc3 Qe7 11. Rd1 a6 12. d4 exd4 13. Nxd4 Nxd4 14. Rxd4 c5
15. Rd2 O-O 16. Qg3 b5 17. Rad1 d5 18. exd5 exd5 19. Re2 Qd7 20. Re5 Qf7 21. f3
d4 22. Ne4 Nxe4 23. Rxe4 Qxa2 24. Re5 Rac8 25. Qg5 Qxb2 26. Rxc5 Rxc5 27. Qxc5
Rd8 28. c3 d3 29. Qe3 Qxc3 30. Qe6+ Kf8 31. Re1 Qc5+ 32. Kh1 Qd6 33. Qa2 b4 34.
h3 Qg3 35. Qe6 Qd6 36. Qa2 Re8 37. Rd1 Ra8 38. Qb2 Kg8 39. Qb3+ Kf8 40. Rxd3 Qe7
41. Rd1 a5 42. Qa4 Qe6 43. h4 Kf7 44. Rd7+ Kg8 45. Rd1 Qf6 46. Qb3+ Kh8 47. g3
a4 48. Qe3 b3 49. Qe4 a3 50. Qxa8+ Kg7 51. Qb7+ Kf8 52. Qxb3 a2 53. Qa3+ Kg7 54.
Rd7+ Kg8 55. Qxa2+ 1-0

[Event "AUTO-ADV-4798"]
[Site "http://www.queenalice.com/game.php?id=1840056"]
[Date "2024.7.9"]
[Round "1"]
[White "Charles56"]
[Black "Boeing"]
[Result "0-1"]
[WhiteElo "1763"]
[BlackElo "1949"]

1. d4 d5 2. Nc3 e6 3. a3 b6 4. h3 Nf6 5. Bg5 Be7 6. e3 a6 7. Bd3 Bb7 8. Nf3 O-O
9. h4 Ne4 10. Nxe4 dxe4 11. Bxe7 Qxe7 12. Bxe4 Bxe4 13. Qd2 Bxf3 14. gxf3 f5 15.
f4 h5 16. O-O-O Nd7 17. Rdg1 Nf6 18. f3 c6 19. Qe2 Rf7 20. Rh2 Kh8 21. e4 fxe4
22. fxe4 Ng4 23. Rhh1 Rxf4 24. Rg2 Raf8 25. c3 a5 26. Kb1 Rf2 27. Rxf2 Rxf2 28.
Qd3 b5 29. e5 Rf5 30. Qc2 Ne3 31. Qe2 Nc4 32. Rh2 Qf8 33. Rg2 Rf1+ 34. Ka2 Qf7
35. b3 Nb6 36. Qe3 Nd5 37. Qd2 a4 38. b4 Rf3 39. Kb2 Ne3 0-1